Southville International School and Colleges
Your cart is empty.
  • Cart
  • Lists
    Public lists Eva Luna New books Lux_list list_1
    Your lists Log in to create your own lists
  • Log in to your account
  • Your cookies
  • Search history
Southville International School and Colleges
  • Advanced search
  • Recent comments
  • Most popular
  • Libraries

Log in to your account

Log in with GOOGLE


If you do not have an external account, but do have a local account, you can still log in:

  1. Home
  2. MARC view: The humanities.
Normal view MARC view ISBD view

The humanities. (Record no. 18889)

[ view plain ]
MARC details
000 -LEADER
fixed length control field 00722nam a2200277 a 4500
003 - CONTROL NUMBER IDENTIFIER
control field OSt
005 - DATE AND TIME OF LATEST TRANSACTION
control field 20140310183115.0
008 - FIXED-LENGTH DATA ELEMENTS--GENERAL INFORMATION
fixed length control field 100726s19uu xx 00 eng d
050 ## - LIBRARY OF CONGRESS CALL NUMBER
Classification number NX 440
Item number .Z94 2003
082 ## - DEWEY DECIMAL CLASSIFICATION NUMBER
-- FIL 700.1
Classification number Z8 2003
100 ## - MAIN ENTRY--PERSONAL NAME
Personal name Zulueta, Francisco
245 ## - TITLE STATEMENT
Title The humanities.
Statement of responsibility, etc Zulueta, Francisco
250 ## - EDITION STATEMENT
Edition statement rev.
260 ## - PUBLICATION, DISTRIBUTION, ETC. (IMPRINT)
Place of publication, distribution, etc Mandaluyong City, Philippines :
Name of publisher, distributor, etc National Bookstore,
Date of publication, distribution, etc 2003.
300 ## - PHYSICAL DESCRIPTION
Extent 307
521 ## - TARGET AUDIENCE NOTE
Target audience note
526 ## - STUDY PROGRAM INFORMATION NOTE
Reading level 1210L-1700L
541 ## - IMMEDIATE SOURCE OF ACQUISITION NOTE
-- 1
541 ## - IMMEDIATE SOURCE OF ACQUISITION NOTE
-- 2
541 ## - IMMEDIATE SOURCE OF ACQUISITION NOTE
-- 3
562 ## - COPY AND VERSION IDENTIFICATION NOTE
Number of copies 3
650 ## - SUBJECT ADDED ENTRY--TOPICAL TERM
Topical term or geographic name as entry element Humanities
650 ## - SUBJECT ADDED ENTRY--TOPICAL TERM
Topical term or geographic name as entry element Arts
942 ## - ADDED ENTRY ELEMENTS (KOHA)
Source of classification or shelving scheme Library of Congress Classification
Koha item type Books
Call number prefix Filipininana
Holdings
Withdrawn status Lost status Source of classification or shelving scheme Damaged status Home library Current library Shelving location Date acquired Total Checkouts Total Renewals Full call number Barcode Date last seen Date checked out Copy number Price effective from Koha item type
    Library of Congress Classification   College Library College Library Filipiniana Section 04/23/2013 1 1 NX 440 .Z94 2003 c4772 10/15/2018 10/02/2018 1 04/23/2013 Books
    Library of Congress Classification   College Library College Library Filipiniana Section 04/23/2013     NX 440 .Z94 2003 c4773 05/08/2018   2 04/23/2013 Books
    Library of Congress Classification   College Library College Library Filipiniana Section 04/23/2013     NX 440 .Z94 2003 c4163 05/08/2018   3 04/23/2013 Books

The humanities.

APA

Zulueta F., . (2003). The humanities. Mandaluyong City, Philippines: National Bookstore.

Chicago

Zulueta Francisco, . 2003. The humanities. Mandaluyong City, Philippines: National Bookstore.

Harvard

Zulueta F., . (2003). The humanities. Mandaluyong City, Philippines: National Bookstore.

MLA

Zulueta Francisco, . The humanities. Mandaluyong City, Philippines: National Bookstore. 2003.

  • Place hold
  • Print
  • Cite
  • Add to your cart (remove)
  • Save record
    BIBTEX Dublin Core MARCXML MARC (non-Unicode/MARC-8) MARC (Unicode/UTF-8) MARC (Unicode/UTF-8, Standard) MODS (XML) RIS
  • More searches
    Search for this title in:
    Other Libraries (WorldCat) Other Databases (Google Scholar) Online Stores (Bookfinder.com) Open Library (openlibrary.org)

Exporting to Dublin Core...

SOUTHVILLE LIBRARY

Southville International School and Colleges Library

1281 Tropical Ave. Cor. Luxembourg St., BF Homes International, Las Pinas City

Tel. No. 8256374 / 252358 Loc. 117/146

Powered by Koha